India's Economic Reforms and Development/ (Record no. 202096)

MARC details
000 -LEADER
fixed length control field 00515 a2200181 4500
010 ## - LCCN (DPL NO)
LC control number B-758236
020 ## - INTERNATIONAL STANDARD BOOK NUMBER
International Standard Book Number 9780195644036
Terms of availability 0.00
035 ## - SYSTEM CONTROL NUMBER
System control number B-758636
037 ## - SOURCE OF ACQUISITION
Source of stock number/acquisition Gift/Unesco
082 ## - DEWEY DECIMAL CLASSIFICATION NUMBER
Classification number 330.954
100 ## - MAIN ENTRY--PERSONAL NAME
Personal name Manmohan Singh
245 ## - TITLE STATEMENT
Title India's Economic Reforms and Development/
Statement of responsibility, etc Manmohan Singh
260 ## - PUBLICATION, DISTRIBUTION, ETC. (IMPRINT)
Place of publication, distribution, etc Calcutta
Name of publisher, distributor, etc Oxford University Press
Date of publication, distribution, etc 1998
270 ## - ADDRESS
City Calcutta
300 ## - PHYSICAL DESCRIPTION
Extent vii, 404p.;
Dimensions 22cm. (HB)
500 ## - GENERAL NOTE
General note Index
942 ## - ADDED ENTRY ELEMENTS (KOHA)
Institution code [OBSOLETE] dpl
Item type English Books
Source of classification or shelving scheme Dewey Decimal Classification
Classification part 330.954
Call number suffix MAN
Holdings
Withdrawn status Lost status Not for loan Collection code Home library Current library Date acquired Source of acquisition Cost, normal purchase price Full call number Barcode Copy number Cost, replacement price Koha item type Public note
      Non-fiction Kasturba Gandhi Marg Kasturba Gandhi Marg 10/04/2024 Gift/4.4.24 0.00 330.954 MAN B-758636 1 0.00 English Books Gift

© Delhi Public Library
Hit Counter
free hit counter